[Event "VII Sunway Sitges Open 2020"]
[Site "Sitges"]
[Date "2020.12.21"]
[Round "8.30"]
[White "Silva, Pedro Gil Ferreira D"]
[Black "Donate Moreno, Silvia"]
[Result "1-0"]
[WhiteElo "2056"]
[BlackElo "1957"]
[Annotator "TA"]
[PlyCount "117"]
[EventDate "2020.12.13"]
[EventType "swiss"]
[EventCountry "ESP"]
[SourceTitle "playchess.com"]
[Source "ChessBase"]
[SourceQuality "1"]

{[%evp 11,117,18,17,27,34,34,40,44,44,59,72,61,72,72,72,69,70,70,77,81,68,86,74,68,125,27,65,66,66,64,67,63,60,67,83,57,83,45,62,29,29,30,34,31,30,35,120,120,166,163,164,161,139,138,119,79,149,70,72,66,68,68,110,114,283,269,274,145,154,137,139,102,149,18,19,21,69,69,151,19,25,8,341,8,8,8,8,8,529,520,447,416,29973,29977,29976,29978,29978,29979,29979,29980,29979,29981,29981,29982,29982,29983,29984,29985]} 1. e4 c5 2. Nf3 d6 3. c3 Nf6 4. h3 Nc6 5. Bd3 e6 6. Bc2 Be7 7. O-O {B50: Sicilian: 2...d6, Miscellaneous.} O-O 8. Re1 Qc7 9. d4 {White is slightly better.} cxd4 10. cxd4 Nb4 11. Bb3 d5 12. e5 $1 {[%cal Re5f6]} Ne4 13. a3 Nc6 14. Bc2 f5 15. exf6 $1 Bxf6 {White must now prevent ...Nxf2!} 16. Bxe4 dxe4 17. Rxe4 {[#]} Qb6 $146 (17... e5 $14) ({Predecessor:} 17... Rd8 18. Nc3 Qb6 19. Bg5 Bxg5 20. Nxg5 h6 21. Nxe6 Bxe6 22. Rxe6 Qxb2 23. Qe1 Nxd4 {1-0 (36) Piscopo,P (2393)-Gutierrez Salazar,L (2090) Gallipoli 2013}) 18. Qe2 (18. Nc3 $16) 18... Nxd4 19. Nxd4 Bxd4 20. Be3 Bxe3 21. Rxe3 Bd7 22. Nc3 Rf7 23. f3 Bc6 24. Qf2 (24. Kh1 {seems wilder.} Re7 25. Re1 Rae8 26. b4 Qd4 27. b5) 24... Bd5 25. Rd3 Qxf2+ 26. Kxf2 Rd7 27. Rad1 {[%cal Rc3d5]} Rad8 28. Ke3 Bc6 (28... Kf7 $14) 29. Rxd7 $16 Rxd7 30. Rxd7 Bxd7 {[%mdl 4096] Endgame KB-KN} 31. Kd4 Kf7 32. Ke5 Ke7 33. b4 a6 ({Black should try} 33... Bc6) 34. Ne2 (34. Ne4 $16) 34... Bb5 $14 35. Ng3 b6 36. h4 g6 37. Ne4 h5 $2 (37... Bf1 $16) 38. Nd6 $18 Bf1 39. g3 ({White has to play} 39. Nc8+ $1 $18 Kf7 40. g3 (40. Nxb6 Bxg2 41. f4 Bf1 $16)) 39... Kd7 $16 40. Ne4 {Kf6 is the strong threat.} Ke7 41. Ng5 Be2 42. f4 (42. Nxe6 $16 Bxf3 43. Nf4) 42... Bc4 $11 43. Nf3 a5 44. Kd4 Bb5 (44... Ba6 $14) 45. bxa5 (45. Ne5 $1 $16) 45... bxa5 46. Kc5 Bd3 $2 {[%mdl 8192] [#]} (46... Be8 $1 $11) 47. Ne5 $2 (47. a4 $1 $18) 47... Bc2 $1 48. Nc6+ Kf6 49. Nxa5 {And now Nc4 would win.} e5 $2 {[%mdl 8192] [#]} (49... Kf5 $11 {and Black is okay.}) 50. Nc4 $1 $18 exf4 51. gxf4 Kf5 (51... Ke7 $18 52. Kb4 Kd7) 52. Ne3+ {[%mdl 64] Double Attack. White mates.} Kxf4 53. Nxc2 g5 54. hxg5 {KN-KP} h4 55. g6 h3 56. g7 h2 57. g8=Q h1=Q 58. Qf7+ Kg5 59. Qd5+ {Weighted Error Value: White=0.31/Black=0.57} 1-0

[Event "VII Sunway Sitges Open 2020"]
[Site "Sitges"]
[Date "2020.12.22"]
[Round "9.1"]
[White "Cheparinov, Ivan"]
[Black "Moussard, Jules"]
[Result "1/2-1/2"]
[WhiteElo "2688"]
[BlackElo "2626"]
[Annotator "TA"]
[PlyCount "80"]
[EventDate "2020.12.13"]
[EventType "swiss"]
[EventCountry "ESP"]
[SourceTitle "playchess.com"]
[Source "ChessBase"]
[SourceQuality "1"]

{[%evp 9,80,0,24,5,7,12,32,17,21,24,30,20,25,15,18,12,25,27,20,16,21,22,37,38,48,35,49,38,46,27,40,44,42,42,35,35,51,22,65,65,67,6,22,22,22,22,22,22,23,22,45,19,19,19,19,19,21,21,29,29,29,29,29,29,29,7,15,15,29,0,29,0,29]} 1. d4 Nf6 2. c4 e6 3. Nf3 d5 4. g3 Bb4+ 5. Bd2 Bd6 6. Nc3 {E01: Catalan: Early deviations.} O-O 7. Bg2 c6 8. Bg5 {White is slightly better.} h6 9. Bxf6 Qxf6 10. O-O Qd8 11. Qc2 Nd7 {[%cal Bb8d7,Bd7f6,Bf6e4][%mdl 32] [#]} 12. Rfd1 $146 ({Predecessor:} 12. e4 dxc4 13. e5 Be7 14. Nd2 Nb6 15. Ne2 a5 16. Nxc4 Nd5 17. Nc3 Nb4 18. Qd2 {1-0 (40) Navalgund,N (2351)-Reefat,B (2437) Bhubaneswar 2017}) 12... f5 13. e3 Qe7 14. Nh4 {Threatens to win with Ng6.} Qf7 15. f4 Nf6 16. Nf3 Ne4 17. c5 Bc7 18. b4 Bd7 19. Rdb1 b6 20. a4 {[%cal Ba2a4,Ba4a5][%mdl 32]} Qe7 21. Ne5 {Strongly threatening Ng6.} Bxe5 22. dxe5 Rfb8 23. a5 {[%cal Rg2e4]} bxc5 {[#] And now ...Nxc3 would win.} 24. Nxe4 fxe4 25. bxc5 (25. Qxc5 $14 Qxc5 26. bxc5) 25... Bc8 26. Bf1 Qc7 27. Qa4 Kf7 28. Be2 Ke7 29. h4 Kd7 30. a6 Rxb1+ 31. Rxb1 Rb8 32. Rb4 Rxb4 33. Qxb4 Ke7 34. h5 Kd8 35. Kf2 Qe7 36. Kg2 Qc7 37. g4 Ke8 38. Kg3 Kd8 39. Qa4 Bd7 40. Qb4 Bc8 {Weighted Error Value: White=0.10/Black=0.08} 1/2-1/2

[Event "VII Sunway Sitges Open 2020"]
[Site "Sitges"]
[Date "2020.12.22"]
[Round "9.2"]
[White "Santos Latasa, Jaime"]
[Black "Korobov, Anton"]
[Result "1-0"]
[WhiteElo "2600"]
[BlackElo "2683"]
[Annotator "TA"]
[PlyCount "91"]
[EventDate "2020.12.13"]
[EventType "swiss"]
[EventCountry "ESP"]
[SourceTitle "playchess.com"]
[Source "ChessBase"]
[SourceQuality "1"]

{[%evp 19,91,39,54,39,52,-3,97,106,104,93,110,91,105,92,103,89,95,90,100,97,89,83,125,83,188,199,209,175,365,348,368,363,352,316,328,302,322,320,306,314,382,335,342,341,338,310,357,348,380,241,439,428,427,420,368,407,492,492,485,485,627,617,590,587,544,542,559,517,982,1031,1571,1456,1991,1130]} 1. c4 Nf6 2. Nc3 g6 3. e4 d6 4. d4 Bg7 5. h3 O-O 6. Be3 Nbd7 7. Nf3 e5 8. d5 Nc5 9. Nd2 a5 10. Be2 Ne8 {10...Bd7 is the fancy move. is the legacy move (10...c6).} 11. g4 {E92: King's Indian: Classical: 6 Be2 e5: 7 dxe5, 7 Be3 and Petrosian System without 7...Nbd7.} f5 12. g5 $5 {[%mdl 4] A promising side line.} (12. gxf5 $14 gxf5 13. Rg1) 12... f4 (12... Na6 $11 13. Nf3 c6) 13. Bxc5 $16 {Black is on the road to losing.White is better.} dxc5 {[#]} 14. h4 $146 ({Predecessor:} 14. Nf3 Nd6 15. Qc2 Nf7 16. h4 Bg4 17. O-O-O Nd6 18. Rhg1 Qd7 19. Nh2 Bxe2 20. Qxe2 {1-0 (54) Cardoso Cardoso,J (2280)-Soto,C (2165) Cali 2017}) 14... Nd6 15. Bf3 Bd7 16. a4 c6 17. Qe2 Be8 18. Qd3 Bf7 19. Bg4 Qb6 20. b3 Rad8 21. Kf1 f3 (21... h6 $16) 22. Re1 $18 (22. Bxf3 $6 cxd5 23. cxd5 (23. exd5 e4 $16) 23... Be8 $16) (22. Nxf3 $6 Qxb3 23. Nd2 Qb6 $14) 22... Qb4 23. Rh3 ({Much less strong is} 23. Nxf3 $6 Qxb3 24. Nd2 Qb6 $14) (23. Bxf3 $6 Be8 $16) 23... h5 $2 {[#]} (23... Ne8 {might work better.} 24. Rxf3 h5) 24. gxh6 $1 (24. Bxf3 Be8 $16) 24... Bxh6 25. Nxf3 Rfe8 26. h5 g5 27. Qc2 Kh8 28. Rg3 Re7 29. Kg2 Bg8 30. Bh3 cxd5 31. Nxd5 Bxd5 32. cxd5 ({Don't take} 32. exd5 e4 $18) 32... Rf8 33. Re2 Rf4 34. Rg4 Kg7 $2 (34... Re8 35. Qb2 Kh7) 35. Rxf4 gxf4 36. Be6 c4 37. bxc4 Nxc4 38. Qd3 {White is clearly winning.} Kf6 39. Nh2 Rg7+ 40. Ng4+ {[%mdl 64] [#] Double Attack} Ke7 41. Kf3 Rxg4 42. Bxg4 Nd6 43. Kg2 Qxa4 (43... Ke8 $142 44. Qh3 Qc4) 44. Qc3 Nc4 45. Rc2 b5 46. Be2 {Weighted Error Value: White=0.15/Black=0.36} 1-0

[Event "VII Sunway Sitges Open 2020"]
[Site "Sitges"]
[Date "2020.12.22"]
[Round "9.3"]
[White "Checa, Nicolas"]
[Black "Fier, Alexandr"]
[Result "1/2-1/2"]
[WhiteElo "2527"]
[BlackElo "2558"]
[Annotator "TA"]
[PlyCount "64"]
[EventDate "2020.12.13"]
[EventType "swiss"]
[EventCountry "ESP"]
[SourceTitle "playchess.com"]
[Source "ChessBase"]
[SourceQuality "1"]

{[%evp 35,64,36,32,38,16,14,19,41,71,54,58,12,11,0,0,0,0,0,3,0,0,0,0,0,0,0,0,0,0,0,0]} 1. d4 Nf6 2. c4 e6 3. Nf3 d5 4. Nc3 c6 5. Bg5 dxc4 6. e4 b5 7. e5 h6 8. Bh4 g5 9. Nxg5 hxg5 10. Bxg5 Nbd7 11. exf6 Bb7 12. g3 c5 13. d5 Qb6 14. Bg2 O-O-O 15. O-O b4 16. Rb1 Qa6 17. dxe6 Bxg2 18. e7 Bxf1 19. Kxf1 {Hoping for Ne4. D44: Semi-Slav: Botvinnik System.} Bxe7 {19...Qc6 is not played anymore.} ({Don't go for} 19... bxc3 $2 20. bxc3 Bxe7 21. fxe7 $18) 20. fxe7 Rdg8 21. Ne4 Rxg5 22. Nxg5 Re8 $1 23. Qe2 {Black must now prevent Re1.} Qg6 {[%mdl 64] [#] Double Attack. The position is equal.} 24. Ne4 {aiming for Rd1.} Rxe7 25. Re1 $1 {Strongly threatening Nd6+!} Kd8 {...f5 is the strong threat.} 26. Qxc4 Qg4 {With the idea ...f5.} 27. Qd5 $36 {[%mdl 2048] And now Qa8+ would win. White has some pressure.} f5 $1 {[%cal Re7e4]} 28. Qa8+ {[%mdl 64] [#] Double Attack} Kc7 {[%cal Re7e4]} 29. Qxa7+ {[%mdl 64] Double Attack} Kc6 $1 30. Qa8+ Kc7 {[%cal Re7e4]} 31. Qa5+ Kc6 32. Qa8+ Kc7 {Accuracy: White = 86%, Black = 93%.} 1/2-1/2

[Event "VII Sunway Sitges Open 2020"]
[Site "Sitges"]
[Date "2020.12.22"]
[Round "9.4"]
[White "Lagarde, Maxime"]
[Black "Sochacki, Christophe"]
[Result "1/2-1/2"]
[WhiteElo "2651"]
[BlackElo "2469"]
[Annotator "TA"]
[PlyCount "71"]
[EventDate "2020.12.13"]
[EventType "swiss"]
[EventCountry "ESP"]
[SourceTitle "playchess.com"]
[Source "ChessBase"]
[SourceQuality "1"]

{[%evp 12,71,18,17,27,29,43,14,24,0,0,-14,-22,-30,0,0,11,12,12,15,22,7,14,7,11,0,0,0,40,0,0,0,0,0,14,0,0,0,0,0,0,0,0,-42,-21,-18,-15,-28,-8,-10,-8,-14,0,-10,-11,-27,0,0,0,-21,-22,-66]} 1. d4 Nf6 2. c4 e6 3. Nc3 d5 4. cxd5 Nxd5 5. e4 Nxc3 6. bxc3 c5 7. Rb1 $1 {[%mdl 4] is now more promising than 7.Nf3. Played by Anish Giri in December 2020.} cxd4 {D35: Queen's Gambit Declined: Exchange Variation.} 8. cxd4 Be7 9. Bc4 O-O 10. Ne2 b6 {[#]} 11. d5 $146 ({Predecessor:} 11. O-O Bb7 12. Ng3 Nc6 13. Be3 Rc8 14. Bb5 a6 15. Be2 b5 16. a4 b4 17. d5 exd5 18. exd5 {1-0 (50) Yu,Y (2709)-Wei,Y (2732) Chess.com INT 2020}) 11... Ba6 12. Bb3 Bb4+ 13. Bd2 Qd6 14. O-O $36 {[%mdl 2048] [#] Strongly threatening Bxb4. White is pushing.} Bxd2 15. Qxd2 Nd7 16. Rfd1 {With the idea dxe6.} Nc5 17. Ng3 {Black should prevent dxe6.} ({Much worse is} 17. dxe6 Qxd2 18. Rxd2 (18. exf7+ Kh8 $15) 18... Nxe4 $15) 17... Rad8 18. Qb2 {Hoping for dxe6.} Qc7 19. Rbc1 Qf4 20. dxe6 (20. Qxg7+ $5 Kxg7 21. Nh5+ {[%mdl 64] Double Attack} Kh8 22. Nxf4 $14) 20... Rxd1+ 21. Rxd1 {Threatens to win with e7.} fxe6 22. Nf5 {[%csl Gf5][%cal Rb2g7]} Qg5 23. h4 (23. f3 {seems wilder.} Qf6 24. Qxf6 gxf6 25. Nd4 Kf7 26. Kf2) 23... Qf6 24. Qxf6 gxf6 25. Ne3 Kf7 26. Bc2 Ke7 27. g4 {[#]} h5 $1 {[%mdl 512]} 28. gxh5 Be2 29. Rd4 Rh8 30. Kh2 Bxh5 31. f4 Be8 32. Kg3 Rg8+ 33. Kf2 Rh8 34. Kg3 {The position is equal.} Rg8+ 35. Kf2 Bc6 36. e5 {Accuracy: White = 84%, Black = 88%.} 1/2-1/2

[Event "VII Sunway Sitges Open 2020"]
[Site "Sitges"]
[Date "2020.12.22"]
[Round "9.5"]
[White "Narciso Dublan, Marc"]
[Black "Grigoryan, Karen H."]
[Result "0-1"]
[WhiteElo "2492"]
[BlackElo "2659"]
[Annotator "TA"]
[PlyCount "82"]
[EventDate "2020.12.13"]
[EventType "swiss"]
[EventCountry "ESP"]
[SourceTitle "playchess.com"]
[Source "ChessBase"]
[SourceQuality "1"]

{[%evp 14,82,46,50,55,39,57,49,64,16,34,39,35,27,67,67,80,58,105,17,26,-15,0,0,0,0,10,22,17,16,64,0,12,0,6,10,123,-363,-352,-349,-304,-142,0,0,-14,-17,0,0,0,0,0,0,0,0,0,0,0,-354,-341,-767,-755,-877,-888,-795,-870,-835,-862,-863,-863,-863,-863]} 1. d4 Nf6 2. c4 g6 3. Nc3 Bg7 4. e4 O-O 5. Nf3 d6 6. Be2 e5 7. d5 Na6 8. Nd2 {8.Be3 is becoming the main line.} Nd7 {E92: King's Indian: Classical: 6 Be2 e5: 7 dxe5, 7 Be3 and Petrosian System without 7...Nbd7.} 9. a3 f5 10. b4 Nf6 {[#] White is slightly better.} 11. Nb3 $146 ({Predecessor:} 11. Bf3 f4 12. g4 fxg3 13. hxg3 c5 14. Rb1 b6 15. Nf1 Bd7 16. Bg5 h5 17. Ne3 {1-0 (45) De Jong,M (2372)-Van Foreest,L (2003) Groningen 2012}) 11... Nxe4 12. Nxe4 fxe4 13. Be3 Bf5 14. c5 {[%mdl 1024] White has compensation.} Nb8 {[%cal Ba6b8,Bb8d7,Bd7f6,Bf6h5,Bh5f4][%mdl 32]} 15. O-O Nd7 16. Rc1 (16. g4 $16) 16... Nf6 $11 17. h3 Kh8 18. Na5 b6 19. Nc6 Qe8 20. Qd2 Qf7 21. Rfd1 Nh5 22. cxd6 (22. g4 $14) 22... cxd6 23. g4 {[%mdl 64] [#] Double Attack} Nf4 24. gxf5 Qxf5 (24... Bh6 $11) 25. Bf1 $2 {[%mdl 8192]} (25. Bxf4 $16 {is necessary to keep the advantage.} exf4 26. Bg4) 25... Nxh3+ $19 26. Bxh3 Qxh3 27. Qe2 Rf5 $40 {[%mdl 128] White needs to defend precisely.} ({Better is} 27... Rf3 $17 {White must now prevent ...Raf8.} 28. Qf1 Qh4) 28. Qf1 $11 Qh5 {[#] Strongly threatening ...Bh6.} 29. Qg2 Bh6 30. Bxh6 Qxh6 31. Rc3 $1 Raf8 32. Rh3 Rh5 33. Rxh5 Qxh5 34. Re1 $1 Rf5 {And now ...Rg5 would win.} 35. Qxe4 $2 {[%mdl 8192]} ({Don't blunder} 35. Nxa7 $2 Rg5 $19) ({Avoid the trap} 35. Rxe4 $2 Qd1+ 36. Kh2 Rh5+ 37. Kg3 Rg5+ 38. Kh3 Rxg2 $19) (35. Re3 $1 $11 {and White has nothing to worry.}) 35... Rf4 $19 36. Qg2 $2 (36. Qe3 Rg4+ 37. Kf1 Qh1+ {[%mdl 64] Double Attack} 38. Ke2 Qxd5 39. Ne7) 36... Rg4 {Black is clearly winning.} 37. Re3 Rxg2+ 38. Kxg2 Qg4+ 39. Kh2 a6 40. Rc3 Qf4+ 41. Kg1 Qd2 {Weighted Error Value: White=0.55/Black=0.22} 0-1

[Event "VII Sunway Sitges Open 2020"]
[Site "Sitges"]
[Date "2020.12.22"]
[Round "9.6"]
[White "Santos Ruiz, Miguel"]
[Black "Stefanova, Antoaneta"]
[Result "1/2-1/2"]
[WhiteElo "2581"]
[BlackElo "2466"]
[Annotator "TA"]
[PlyCount "147"]
[EventDate "2020.12.13"]
[EventType "swiss"]
[EventCountry "ESP"]
[SourceTitle "playchess.com"]
[Source "ChessBase"]
[SourceQuality "1"]

{[%evp 11,147,10,9,0,5,2,37,26,35,29,49,37,44,24,37,51,51,18,3,10,50,21,55,52,58,45,53,47,94,100,98,52,49,49,52,53,79,72,113,108,102,85,150,123,129,110,102,118,131,88,160,129,172,171,180,168,166,115,105,113,116,112,117,100,96,95,172,106,106,106,106,115,152,152,161,142,144,145,149,135,155,155,149,140,149,142,129,91,111,81,193,95,112,71,71,71,71,71,71,71,64,64,64,61,55,64,64,58,62,38,47,29,45,18,18,18,27,18,18,18,18,18,18,18,18,18,18,0,18,18,18,18,18,0,0,0,0,0]} 1. e4 e5 2. Nf3 Nc6 3. Bb5 Nf6 4. d3 Bc5 5. c3 O-O 6. O-O d6 7. Re1 {C65: Ruy Lopez: Berlin Defence (3...Nf6), unusual lines and 4 0-0 Bc5.} Ne7 8. d4 exd4 9. cxd4 {White is slightly better.} Bb6 10. h3 d5 11. e5 Ne4 12. Nc3 {[#]} f5 $146 ({Predecessor:} 12... Bf5 13. Bd3 c5 14. Nxe4 dxe4 15. Bxe4 Bxe4 16. Rxe4 cxd4 17. Qd3 Qd5 18. Bd2 Rfe8 {1-0 (48) David,A (2569)-Laxman,R (2416) Chennai 2017}) 13. exf6 Nxf6 14. Bf4 c6 15. Bd3 Nf5 16. Bc2 Bc7 17. Bxc7 Qxc7 18. g4 Nd6 19. Ne5 g5 20. Qd3 Qg7 21. Re3 Bd7 22. Rae1 Rae8 23. Ne2 Bc8 24. f3 $36 {[%mdl 2048] Keeping Black busy.} Qc7 25. Kg2 c5 26. dxc5 Qxc5 (26... Nde4 $142) 27. Bb3 b5 {and if ...Nc4 works, Black does fine.} 28. Qd4 Qxd4 29. Nxd4 a6 30. R3e2 Bb7 ({Better is} 30... Kg7) 31. Nd3 h6 32. Re6 Rxe6 33. Rxe6 Nc4 34. a4 (34. Nc5 $18 Bc8 35. Rc6) 34... Bc8 $16 35. Re7 bxa4 36. Bxa4 Rf7 37. Re2 Rc7 38. Kg3 Kf7 {[#]} (38... Nd6 $16) 39. b3 (39. Rc2 $1 $18) 39... Nb6 40. Bc6 Re7 41. Rc2 Re3 42. Nc5 Re1 43. Na4 Nxa4 44. Bxa4 (44. bxa4 Rd1 $11) 44... Bd7 45. Bxd7 Nxd7 {[%mdl 4096] Endgame KRN-KRN} 46. Rc7 Ke8 47. Rc6 Rd1 48. Nf5 d4 49. Rxa6 d3 50. Rd6 (50. Rxh6 $6 d2 $11) 50... d2 {[#]} (50... Ne5 $16) 51. Kf2 (51. Ne3 $1 $18 {[%cal Re3d1] and the rest is easy.} Re1 52. Kf2) 51... Nc5 52. b4 {[%cal Bb3b4,Bb4b5][%mdl 32]} (52. Nxh6 $6 Nxb3 53. Nf5 Ra1 $14) 52... Nb3 53. Ne3 ({Avoid the trap} 53. Nxh6 $2 Rh1 $19) 53... Rb1 54. b5 ({Of course not} 54. Rxh6 Nd4 $11) 54... Ke7 55. Rd3 ({Much weaker is} 55. Rxh6 Re1 $11) 55... Rb2 56. Nd1 Rb1 57. b6 Nc5 58. Rxd2 Rxb6 59. Ne3 {Black must now prevent Nd5+.} Kf7 $1 60. Nf5 Kg6 $1 61. Rd8 {Threatens to win with Rh8. Cut Off at move 61} h5 62. Rg8+ (62. Rh8 $5 {[%cal Rh8h6]} Rb2+ 63. Ke3 $16) 62... Kf6 63. Rf8+ Ke5 64. gxh5 {Strongly threatening h6.} Ne6 {The position is equal.} 65. Rf7 Nd8 $1 66. Rd7 Kxf5 67. Rxd8 $11 {Rf8+ is the strong threat. KR-KR} Rh6 68. Rd5+ Kf4 69. Rd8 Rxh5 70. Rf8+ Ke5 71. Kg3 {With the idea Kg4.} Rh4 72. f4+ Rxf4 73. Rxf4 gxf4+ 74. Kf3 {White really could win this.  Weighted Error Value: White=0.12/Black=0.13} 1/2-1/2

[Event "VII Sunway Sitges Open 2020"]
[Site "Sitges"]
[Date "2020.12.22"]
[Round "9.7"]
[White "Cornette, Matthieu"]
[Black "Martin Duque, Jesus"]
[Result "1-0"]
[WhiteElo "2558"]
[BlackElo "2422"]
[Annotator "TA"]
[PlyCount "95"]
[EventDate "2020.12.13"]
[EventType "swiss"]
[EventCountry "ESP"]
[SourceTitle "playchess.com"]
[Source "ChessBase"]
[SourceQuality "1"]

{[%evp 14,95,42,33,84,54,75,55,68,17,38,34,50,50,62,52,68,54,65,66,58,66,121,121,114,90,186,176,180,207,204,189,237,223,358,352,341,325,367,276,293,293,303,222,358,358,327,294,260,228,220,214,214,204,200,167,210,210,339,339,334,298,418,415,464,465,512,432,424,413,454,434,369,334,478,486,478,470,416,383,529,523,5065,4140]} 1. e4 c5 2. Nf3 e6 3. d4 cxd4 4. Nxd4 a6 5. g3 Nf6 6. Bg2 Nc6 7. O-O Qc7 8. c4 Bc5 {[#] A46: 1 d4 Nf6 2 Nf3 e6: Torre, London and Colle Systems.} (8... h5 $14) 9. Nb3 $1 $16 {[%cal Rb3c5]} Be7 {[#]} 10. c5 $146 ({Predecessor:} 10. Nc3 d6 11. f4 O-O 12. Be3 Na5 13. Nxa5 Qxa5 14. Rc1 Qc7 15. g4 Nd7 16. g5 {1-0 (71) Hovhannisyan,R (2650)-Mohammad,N (2442) Riga 2019}) 10... O-O {White is slightly better.} 11. Bf4 (11. Be3 $14) 11... e5 $11 12. Bg5 d6 13. Bxf6 Bxf6 14. cxd6 Qd8 $1 15. Nc3 a5 16. a4 $36 {[%mdl 2048] White is pushing.} Be6 17. Nd5 Bxd5 {Black is now going downhill.} (17... Rb8 $14) 18. Qxd5 $16 Nb4 19. Qd2 Qb6 (19... Rc8 $16) 20. Bh3 $18 Nc6 21. Qd5 Rfd8 22. d7 Ne7 23. Qb5 Qxb5 (23... Qc7 {was necessary.} 24. Rac1 Nc6) 24. axb5 b6 25. Nd2 Ng6 26. Nc4 Rab8 27. Rfd1 Be7 28. Rd5 f6 (28... Rb7 $142 29. Kg2 (29. Nxe5 Nxe5 30. Rxe5 Kf8 $18) 29... f6 30. Be6+ Kh8) 29. Nd6 Nf8 30. Nc8 Kf7 31. Rc1 {And now Rc7 would win.} Rb7 32. Rc6 Nxd7 33. Bxd7 Rdxd7 34. Nxb6 Rxd5 35. Nxd5 {[%mdl 4096] Endgame KRB-KRN} ({Resist} 35. exd5 $6 f5 $16) 35... Bd8 (35... Bb4 {was called for.} 36. b6 Ke8) 36. b6 Ke8 {[#]} 37. Rd6 $1 Rd7 (37... a4 $142 38. Kf1 Rb8) 38. Re6+ Kf7 39. Rc6 Rb7 40. Kf1 Ke8 {and the idea ...Kd7 leaves Black hopeful.} 41. Rd6 Rb8 42. Ke2 Rc8 {Now ...Rc2+ and Black clings on.} 43. b3 h5 (43... Rb8 $142 44. Kd3 Rc8) 44. h3 Rb8 45. Kd3 Rc8 46. g4 hxg4 47. hxg4 Ra8 48. Nc7+ {Weighted Error Value: White=0.14/Black=0.33} 1-0

[Event "VII Sunway Sitges Open 2020"]
[Site "Sitges"]
[Date "2020.12.22"]
[Round "9.8"]
[White "Niemann, Hans Moke"]
[Black "Maze, Sebastien"]
[Result "1-0"]
[WhiteElo "2472"]
[BlackElo "2557"]
[Annotator "TA"]
[PlyCount "43"]
[EventDate "2020.12.13"]
[EventType "swiss"]
[EventCountry "ESP"]
[SourceTitle "playchess.com"]
[Source "ChessBase"]
[SourceQuality "1"]

{[%evp 11,43,2,33,26,66,63,63,62,68,67,118,116,125,100,127,106,125,122,139,141,137,164,166,159,183,182,185,183,182,182,183,184,331,335]} 1. d4 Nf6 2. c4 e6 3. Nc3 Bb4 4. e3 O-O 5. Bd3 b6 6. Nge2 Bb7 7. a3 {E47: Nimzo-Indian: Rubinstein: 5 Bd3 without ...d5.} Be7 8. e4 d6 9. O-O {White is slightly better.} c5 10. d5 e5 ({Better is} 10... Nbd7 $14) 11. Ng3 $16 {[#]} Ne8 $146 ({Predecessor:} 11... Nbd7 12. Nf5 Re8 13. f4 Bc8 14. Nb5 exf4 15. Nbxd6 Bxd6 16. Nxd6 Re7 17. Nf5 Re8 18. Bxf4 Nxe4 {1-0 (26) Abdisalimov,A (2392)-Peng,D (2287) Chess.com INT 2020}) 12. Nf5 Bf6 13. g3 Bc8 14. h4 g6 15. Nh6+ Kh8 16. Kg2 Bg7 17. h5 g5 18. Ng4 Qd7 19. f3 h6 20. Rh1 a6 21. Ne3 Nc7 (21... Nf6 $142 22. b4 a5 23. bxc5 bxc5) 22. Na4 {Black got outplayed after the opening.  Weighted Error Value: White=0.03/Black=0.20} 1-0